000 00508nam a2200169 a 4500
005 20140412111310.0
008 030415s19uu xx 00 eng d
020 _a97150-8025-1
050 _aFil E
_bCr87 1996
100 _aLee, Marcy Dans
245 _aThe crocodile and the colorful headbands /
_cStory and illustrations by Marcy Dans Lee.
260 _aQuezon City :
_bPhilippines,
_c1996.
300 _a1 v. (unp.) ; ill.
440 _aAdarna Books
650 _aCrocodile--Fiction
999 _c103925
_d103925